000 00334nam a2200133Ia 4500
008 230917s9999||||xx |||||||||||||| ||und||
040 _e140650
_aMAIN
041 _aEnglish
082 _a954.03 H629H
245 0 _aHistory of the freedom movement
260 _aDelhi
_bRenaissance Publications
_c1984
300 _a301 p.
942 _cBK
999 _c45443
_d45443